The violent home

Guardado en:  
Detalles Bibliográficos
Autor principal: Gelles, Richard J. (Autor)
Tipo de documento: Print Libro
Lenguaje:Inglés
Publicado: Newbury Park [u.a.] Sage 1987
En: Sage library of social research (13)
Año: 1987
Edición:Updated ed., 1st print.
Acceso en línea: Índice
Disponibilidad en Tübingen:Disponible en Tübingen.
UB: KB 18 A 3581
Verificar disponibilidad: HBZ Gateway
Servicio de pedido Subito: Pedir ahora.

MARC

LEADER 00000cam a2200000 c 4500
001 1634948068
003 DE-627
005 20251225204146.0
007 tu
008 880509s1987 xx ||||| 00| ||eng c
020 |a 0803930992  |9 0-8039-3099-2 
035 |a (DE-627)1634948068 
035 |a (DE-576)01404336X 
035 |a (DE-599)BSZ01404336X 
035 |a (OCoLC)03639470 
040 |a DE-627  |b ger  |c DE-627  |e rakwb 
041 |a eng 
082 0 |a 301.42/7 
084 |a CP 3500  |2 rvk  |0 (DE-625)rvk/18979: 
100 1 |a Gelles, Richard J.  |0 (DE-588)172094437  |0 (DE-627)697005267  |0 (DE-576)161084699  |4 aut 
109 |a Gelles, Richard J.  |a Gelles, Richard  |a Gelles, Richard James 
245 1 4 |a The violent home 
250 |a Updated ed., 1st print. 
264 1 |a Newbury Park [u.a.]  |b Sage  |c 1987 
300 |a 231 S.  |b graph. Darst. 
336 |a Text  |b txt  |2 rdacontent 
337 |a ohne Hilfsmittel zu benutzen  |b n  |2 rdamedia 
338 |a Band  |b nc  |2 rdacarrier 
490 1 |a Sage library of social research  |v 13 
583 1 |a Archivierung prüfen  |c 20221111  |f DE-640  |z 2  |2 pdager 
830 0 |a Sage library of social research  |v 13  |9 13,2  |w (DE-627)129414859  |w (DE-576)008565120  |w (DE-600)189217-4  |7 am 
856 4 2 |u http://www.gbv.de/dms/bowker/toc/9780803930995.pdf  |v 2022-12-29  |x Aggregator  |3 Inhaltsverzeichnis  |7 1 
936 r v |a CP 3500  |b Zusammenfassendes und allgemeine Darstellungen  |k Psychologie  |k Allgemeine Psychologie  |k Konflikt, Angst, Aggression, Frustration, Stress  |k Zusammenfassendes und allgemeine Darstellungen  |0 (DE-627)1429797266  |0 (DE-625)rvk/18979:  |0 (DE-576)359797261 
951 |a BO 
ELC |b 1 
LOK |0 000 xxxxxcx a22 zn 4500 
LOK |0 001 3290671542 
LOK |0 003 DE-627 
LOK |0 004 1634948068 
LOK |0 005 20151023143240 
LOK |0 008 880509||||||||||||||||ger||||||| 
LOK |0 040   |a DE-21  |c DE-627  |d DE-21 
LOK |0 852   |a DE-21 
LOK |0 852 1  |c KB 18 A 3581  |9 00 
LOK |0 935   |a krim 
LOK |0 939   |a 09-05-88  |b l01 
ORI |a SA-MARC-krimdoka001.raw 
SIG |a UB: KB 18 A 3581